000 00683nam a2200265Ia 4500
005 20260302115521.0
008 008 260114s9999 xx 000 0 eng d
020 _a9798881823481
037 _aTextbook
040 _aCRL
040 _beng
040 _cCRL
041 _2eng
041 _aeng
084 _qCRL
100 _aDan Dietz
_91121729
245 4 _aThe Complete Book of 1920s Broadway Musicals
260 _bBloomsbury
260 _bRowman & Littlefield
260 _c2019
650 _aLiterary Studies
856 _uhttps://doi.org/10.5040/9798881823481?locatt=label:secondary_bloomsburyCollections
942 _cEBOOK
999 _c1686493
_d1686493